00444nam a2200133Ia 4500008004100000100002300041245004000064260000900104300003000113440002400143650005200167999001900219952007200238180117s9999 xx 000 0 und d aby Nina Daza Puyat aWhat Does #Para sabayan Mean To Me? c2017 a22-23 pages, 2017 April 9 aPhilippine Panorama aTHE PRIDE OF THE PHILIPPINES THROUGH THE PALATE c353601d353601 001040aCLbCLd2018-01-17l0r2018-01-17 00:00:00w2018-01-17ySE